000 00737cam a22002531 4500
001 32002
003 BD-RjUL
005 20211209051758.0
008 140423s1967 enka b 000 0 eng
035 _a(BD-RjUL)32091
040 _aDLC
_cDLC
_dDLC
_dBD-RjUL
_beng
041 _aeng
082 0 0 _a294.308
_bCOT 1967
100 1 _aConze, Edward,
_d1904-1979.
_997416
245 1 0 _aThirty years of Buddhist studies:
_bselected essays /
_cEdward Conze
260 _aOxford ;
_bCassirer;
_aLondon :
_bFaber,
_cc 1967.
300 _axii, 274 p. :
_b2 illus. ;
_c23 cm.
350 _a42/-
504 _aBibliographical footnotes.
650 0 _aBuddhism.
_997417
942 _2ddc
_cBK
999 _c32002
_d32002